UEFA Champions League 2025-2026 - Squadre - Statistics

Statistiche generali
  • Questo quiz è stato fatto 131 volte
  • Il punteggio medio è 26 su 36
Statistiche sulle risposte
Nazione Squadra % Corretto
Italia Napoli
93%
Germania Bayern Monaco
92%
Italia Inter
92%
Italia Juventus
91%
Francia Paris Saint-Germain
91%
Inghilterra Manchester City
90%
Spagna Barcellona
89%
Spagna Real Madrid
89%
Italia Atalanta
87%
Inghilterra Liverpool
86%
Germania Borussia Dortmund
84%
Inghilterra Chelsea
84%
Paesi Bassi Ajax
83%
Spagna Atlético Madrid
83%
Germania Bayer Leverkusen
82%
Portogallo Benfica
81%
Francia Olympique Marsiglia
81%
Turchia Galatasaray
80%
Portogallo Sporting Lisbona
80%
Inghilterra Arsenal
79%
Paesi Bassi PSV
77%
Spagna Athletic Bilbao
75%
Inghilterra Tottenham
75%
Norvegia Bodø/Glimt
67%
Francia Monaco
67%
Danimarca Copenaghen
64%
Azerbaigian Qarabağ
64%
Inghilterra Newcastle Utd
60%
Spagna Villarreal
55%
Cipro Pafos
54%
Repubblica Ceca Slavia Praga
52%
Kazakistan Qairat
50%
Belgio Union Saint-Gilloise
48%
Grecia Olympiacos
46%
Germania Eintracht Francoforte
42%
Belgio Club Bruges
32%
Nessun quiz corrispondente trovato
Distribuzione punteggi
Percentuale di utenti per punteggio
Percentile per numero di risposta
I tuoi punteggi nel tempo
Non hai fatto questo quiz